[Event "24. Copenhagen Open  (Politiken Cup)"]
[Site "Copenhagen"]
[Date "2002.07.21"]
[Round "7"]
[White "Hein, Jacob"]
[Black "Dogru, Latif"]
[Result "0-1"]
[WhiteElo "1305"]
[BlackElo "1224"]
[PlyCount "88"]
[EventDate "2002.07.15"]
[EventType "swiss"]
[EventRounds "11"]
[EventCountry "DEN"]
[SourceDate "2004.01.01"]

1. c4 Nf6 2. Nf3 e6 3. g3 c6 4. Bg2 d5 5. cxd5 exd5 6. O-O Bd6 7. Qc2 h5 8. Re1
Be6 9. e4 dxe4 10. Ng5 Bd5 11. Rxe4+ Nxe4 12. Bxe4 Qxg5 13. Bxd5 Qxd5 14. Nc3
Qe6 15. d4 Nd7 16. Bd2 O-O 17. Re1 Qf6 18. Ne4 Qxd4 19. Ng5 g6 20. Bc3 Qd5 21.
Nxf7 Qxf7 22. Rf1 Rae8 23. Rd1 Bc5 24. Rxd7 Bxf2+ 25. Kf1 Bxg3+ 26. Rxf7 Rxf7+
27. Kg2 Rf2+ 28. Qxf2 Bxf2 29. Kxf2 Kf7 30. h4 Ke6 31. Kf3 Kf5 32. Bd2 Rd8 33.
Bh6 Rd3+ 34. Kf2 Kg4 35. Bg5 Rf3+ 36. Kg2 Rf5 37. Bd8 Rd5 38. Bg5 Rxg5 39. hxg5
Kxg5 40. Kg3 h4+ 41. Kg2 Kg4 42. b4 b5 43. a3 a6 44. Kh1 Kf4 0-1

[Event "24. Copenhagen Open  (Politiken Cup)"]
[Site "Copenhagen"]
[Date "2002.07.21"]
[Round "7"]
[White "Helin, Mikael"]
[Black "Arngrimsson, Dagur"]
[Result "0-1"]
[WhiteElo "2016"]
[BlackElo "2149"]
[PlyCount "110"]
[EventDate "2002.07.15"]
[EventType "swiss"]
[EventRounds "11"]
[EventCountry "DEN"]
[SourceDate "2004.01.01"]

1. e4 e5 2. Nc3 Nf6 3. Bc4 Nxe4 4. Qh5 Ng5 5. Nf3 Nxf3+ 6. Qxf3 f6 7. O-O c6 8.
d3 d5 9. Bb3 Be6 10. Qg3 Qc7 11. d4 Bd6 12. dxe5 Bxe5 13. f4 Bd4+ 14. Kh1 O-O
15. Qd3 Bc5 16. f5 Bf7 17. Ne2 Nd7 18. Qh3 Rfe8 19. Nf4 Re4 20. c4 dxc4 21. Bc2
Re7 22. Bd1 Rae8 23. Bh5 Bxh5 24. Qxh5 Nf8 25. Bd2 Be3 26. Bxe3 Rxe3 27. Ne6
Qf7 28. Qxf7+ Kxf7 29. Nf4 R8e4 30. g3 b5 31. a3 g5 32. fxg6+ hxg6 33. Rad1 Ke7
34. Rd2 g5 35. Nh5 Re1 36. Rdf2 Rxf1+ 37. Rxf1 Nd7 38. Rd1 Re5 39. Ng7 Nc5 40.
Rd4 Ne6 41. Nxe6 Kxe6 42. a4 Re1+ 43. Kg2 Re2+ 44. Kf3 Rxh2 45. Re4+ Kd5 46.
Re7 Rxb2 47. a5 c3 48. Ke3 Rb1 49. Kd3 b4 50. Rxa7 Rd1+ 51. Kc2 Rd2+ 52. Kc1
Ra2 53. Rb7 Kc4 54. a6 Ra1+ 55. Kc2 b3+ 0-1

[Event "24. Copenhagen Open  (Politiken Cup)"]
[Site "Copenhagen"]
[Date "2002.07.21"]
[Round "7"]
[White "Hoi, Carsten"]
[Black "Hovmoller, Kristian"]
[Result "0-1"]
[WhiteElo "2419"]
[BlackElo "2248"]
[PlyCount "114"]
[EventDate "2002.07.15"]
[EventType "swiss"]
[EventRounds "11"]
[EventCountry "DEN"]
[SourceDate "2004.01.01"]

1. d4 Nf6 2. Nf3 e6 3. e3 b6 4. Bd3 Bb7 5. O-O d5 6. c4 Bd6 7. b3 Nbd7 8. Bb2
O-O 9. Nc3 a6 10. Rc1 Qe7 11. cxd5 exd5 12. Bf5 Rfe8 13. Qe2 Ne4 14. Nxe4 dxe4
15. Nd2 g6 16. Bxd7 Qxd7 17. Nc4 Bd5 18. Rc2 b5 19. Ne5 Qe6 20. Rfc1 Rab8 21.
g3 f6 22. Nc6 Rb6 23. Qd2 Qh3 24. Qe1 Qh5 25. Na5 Be6 26. d5 Bh3 27. Qd1 Bg4
28. Qf1 Qxd5 29. Bd4 Rbb8 30. Nc6 Ra8 31. Bxf6 Re6 32. Bb2 Rf8 33. Qe1 Qh5 34.
Nd4 Ref6 35. Nc6 Rf5 36. Nd4 Rg5 37. Rxc7 Bxc7 38. Rxc7 Rc5 39. Qa5 Bh3 40. f3
Rxc7 41. Qxc7 Qh6 42. f4 Rc8 43. Qb7 Qf8 44. Qd5+ Qf7 45. Qe5 Qd7 46. Qxe4 Re8
47. Qf3 Bg4 48. Qf2 Qd5 49. Bc1 Bc8 50. Qf3 Qf7 51. h3 Bb7 52. Qf1 Qd5 53. Kh2
Qe4 54. g4 Qb1 55. Kg3 Rc8 56. f5 Qxc1 57. Qf4 Qc7 0-1

[Event "24. Copenhagen Open  (Politiken Cup)"]
[Site "Copenhagen"]
[Date "2002.07.21"]
[Round "7"]
[White "Jakobsen, Ole"]
[Black "Simonsen, Olavur"]
[Result "1-0"]
[WhiteElo "2398"]
[BlackElo "2240"]
[PlyCount "65"]
[EventDate "2002.07.15"]
[EventType "swiss"]
[EventRounds "11"]
[EventCountry "DEN"]
[SourceDate "2004.01.01"]

1. Nf3 Nc6 2. d4 d5 3. g3 Bg4 4. Bg2 Qd7 5. h3 Bf5 6. c3 O-O-O 7. b4 f6 8. Nbd2
e6 9. Nh4 Bg6 10. Nxg6 hxg6 11. Qa4 Kb8 12. Nb3 Ne5 13. Qxd7 Nxd7 14. Nc5 Nxc5
15. bxc5 Ne7 16. h4 Nc6 17. e4 dxe4 18. Bxe4 e5 19. Rb1 Kc8 20. Be3 f5 21. Bg2
exd4 22. cxd4 Na5 23. O-O b6 24. Rfc1 Kd7 25. Bf4 Rc8 26. Bd5 c6 27. Bf7 Ke7
28. Bxg6 Kf6 29. h5 b5 30. Re1 Nc4 31. Re2 Rd8 32. Rbe1 Rxd4 33. Re6# 1-0

[Event "24. Copenhagen Open  (Politiken Cup)"]
[Site "Copenhagen"]
[Date "2002.07.21"]
[Round "7"]
[White "Jensen, Alexander Lindberg"]
[Black "Manley, Christian"]
[Result "0-1"]
[WhiteElo "1342"]
[BlackElo "1469"]
[PlyCount "54"]
[EventDate "2002.07.15"]
[EventType "swiss"]
[EventRounds "11"]
[EventCountry "DEN"]
[SourceDate "2004.01.01"]

1. d4 d5 2. c4 e6 3. Nc3 Nf6 4. Bg5 Be7 5. Nf3 h6 6. Bh4 O-O 7. e3 c6 8. Be2
Nbd7 9. O-O Nb6 10. c5 Nbd7 11. b4 Kh8 12. Qc2 Rg8 13. Rfb1 g5 14. Bg3 h5 15.
h3 Rg7 16. Qd1 g4 17. hxg4 Nxg4 18. Nh2 Nxe3 19. fxe3 Rxg3 20. Bxh5 Qg8 21. Qe2
e5 22. dxe5 Nxe5 23. Rf1 Bh3 24. Rf2 Qg7 25. Rd1 f5 26. Rd2 Rg8 27. Bf3 Bh4 0-1

[Event "24. Copenhagen Open  (Politiken Cup)"]
[Site "Copenhagen"]
[Date "2002.07.21"]
[Round "7"]
[White "Jensen, Allan Astrup"]
[Black "Petersen, Nils"]
[Result "1/2-1/2"]
[WhiteElo "2205"]
[BlackElo "2035"]
[PlyCount "127"]
[EventDate "2002.07.15"]
[EventType "swiss"]
[EventRounds "11"]
[EventCountry "DEN"]
[SourceDate "2004.01.01"]

1. e4 c5 2. Nc3 Nc6 3. f4 d6 4. Nf3 g6 5. Bc4 e6 6. O-O Bg7 7. d3 Nge7 8. Qe1
a6 9. a4 Qc7 10. Qh4 h6 11. Bd2 Bd7 12. Qg3 O-O-O 13. f5 Rdf8 14. a5 exf5 15.
Na4 Nd4 16. Nb6+ Qxb6 17. axb6 Ne2+ 18. Kh1 Nxg3+ 19. hxg3 Bxb2 20. Ra2 Bg7 21.
Bf4 fxe4 22. dxe4 Be6 23. Bxe6+ fxe6 24. Bxd6 Rf7 25. Ra5 Nc6 26. Rxc5 Bf8 27.
Rd1 Rd7 28. e5 Bxd6 29. exd6 Rhd8 30. Ne5 Rxd6 31. Rf1 Rd1 32. Kg1 Rxf1+ 33.
Kxf1 Rd5 34. Rxd5 exd5 35. Nxg6 Kd7 36. Ke2 Ke6 37. Nf4+ Ke5 38. Kd3 Na5 39.
Ng6+ Kd6 40. Nh4 Ke6 41. Kd4 Nc4 42. Kc5 Ne5 43. Kd4 Nd7 44. g4 Ne5 45. Nf3
Nxg4 46. Kc5 Ne3 47. Nd4+ Ke7 48. g3 h5 49. c3 Nf1 50. Ne2 Ke6 51. Nf4+ Ke5 52.
Nxh5 Nd2 53. g4 Ne4+ 54. Kb4 Kd6 55. Nf4 Kc6 56. Ne6 Kxb6 57. g5 a5+ 58. Kb3
Kc6 59. g6 b5 60. Nd4+ Kb6 61. g7 Nf6 62. Ne6 Ng8 63. Nd4 Ne7 64. Nf5 $11
1/2-1/2

[Event "24. Copenhagen Open  (Politiken Cup)"]
[Site "Copenhagen"]
[Date "2002.07.21"]
[Round "7"]
[White "Jorgensen, Carina E"]
[Black "Jessen, Simon Pind"]
[Result "0-1"]
[WhiteElo "1643"]
[BlackElo "2074"]
[PlyCount "118"]
[EventDate "2002.07.15"]
[EventType "swiss"]
[EventRounds "11"]
[EventCountry "DEN"]
[SourceDate "2004.01.01"]

1. e4 e5 2. Nf3 Nf6 3. Nc3 Nc6 4. d3 Be7 5. Be2 O-O 6. O-O d5 7. Bg5 Be6 8.
Bxf6 Bxf6 9. exd5 Bxd5 10. Nxd5 Qxd5 11. Nd2 Nd4 12. Bg4 Be7 13. c3 f5 14. Bh5
Nc6 15. Nb3 Rad8 16. d4 e4 17. f3 Bd6 18. fxe4 Qxe4 19. Bf3 Qe3+ 20. Kh1 Qh6
21. h3 Kh8 22. Bd5 Rde8 23. Rf3 Qh4 24. Nd2 Re7 25. Nf1 Rfe8 26. Qd3 g6 27.
Bxc6 bxc6 28. Rd1 Re2 29. Rd2 Qe1 30. Kg1 c5 31. d5 Rxd2 32. Qxd2 Qxd2 33. Nxd2
Re2 34. Nc4 Re4 35. Nxd6 cxd6 36. Kf2 Kg7 37. Re3 Rxe3 38. Kxe3 Kf6 39. c4 Ke5
40. a3 a5 41. b3 f4+ 42. Kf3 $11 Kf5 43. g3 fxg3 44. Kxg3 Ke4 45. Kg4 Kd4 46.
Kg5 a4 47. bxa4 Kxc4 48. Kh6 Kxd5 49. Kxh7 g5 50. Kh6 c4 51. Kxg5 c3 52. h4 c2
53. h5 c1=Q+ 54. Kg6 Qg1+ 55. Kf5 Qh2 56. Kg6 Qg3+ 57. Kf5 Qh4 58. Kg6 Qg4+ 59.
Kh6 Ke6 0-1

[Event "24. Copenhagen Open  (Politiken Cup)"]
[Site "Copenhagen"]
[Date "2002.07.21"]
[Round "7"]
[White "Jorgensen, Morten"]
[Black "Brasoy, Aksel"]
[Result "0-1"]
[WhiteElo "1257"]
[BlackElo "1665"]
[PlyCount "60"]
[EventDate "2002.07.15"]
[EventType "swiss"]
[EventRounds "11"]
[EventCountry "DEN"]
[SourceDate "2004.01.01"]

1. e4 c5 2. Nf3 e6 3. d4 cxd4 4. Nxd4 Nc6 5. Nxc6 bxc6 6. Bd3 Ba6 7. Be3 Bxd3
8. Qxd3 Nf6 9. O-O d5 10. exd5 cxd5 11. Nc3 Qd7 12. Bd4 Be7 13. h3 O-O 14. Rfe1
Rab8 15. Rab1 Rfc8 16. Ne2 Ne4 17. Nf4 Bf6 18. Bxf6 Nxf6 19. b3 Qc7 20. Qd4 a5
21. a3 Qxc2 22. Rb2 Qc3 23. Qxc3 Rxc3 24. Reb1 Kf8 25. Ne2 Rc7 26. f3 Ke7 27.
a4 Rb4 28. Nc1 Rd4 29. Kf2 Rd1 30. Na2 Rxb1 0-1

[Event "24. Copenhagen Open  (Politiken Cup)"]
[Site "Copenhagen"]
[Date "2002.07.21"]
[Round "7"]
[White "Kjartansson, Gudmundur"]
[Black "Kongsted, Halfdan Christian"]
[Result "0-1"]
[WhiteElo "2105"]
[BlackElo "2224"]
[PlyCount "90"]
[EventDate "2002.07.15"]
[EventType "swiss"]
[EventRounds "11"]
[EventCountry "DEN"]
[SourceDate "2004.01.01"]

1. e4 e6 2. d4 d5 3. exd5 exd5 4. Bd3 c5 5. dxc5 Bxc5 6. Nf3 Nf6 7. O-O O-O 8.
c3 Bg4 9. Nbd2 Nc6 10. Qc2 Bb6 11. b3 Qd7 12. h3 Be6 13. Ng5 g6 14. Ndf3 Rac8
15. Nxe6 Qxe6 16. Ba3 Rfe8 17. Rfe1 Qd7 18. Qd2 Rxe1+ 19. Rxe1 Re8 20. Rxe8+
Qxe8 21. Qf4 Ne4 22. Bxe4 dxe4 23. Nd4 Nxd4 24. cxd4 Bxd4 25. Qd6 Be5 26. Qb4
b6 27. Kh1 Bg7 28. Bc1 h5 29. Be3 Qe5 30. a4 Bf8 31. Qc4 Bd6 32. g3 Qf5 33. Qd4
Qxh3+ 34. Kg1 Qe6 35. b4 Qe5 36. Qd2 h4 37. gxh4 Qh2+ 38. Kf1 Qh1+ 39. Ke2 Qf3+
40. Ke1 Qh1+ 41. Ke2 Qf3+ 42. Ke1 Be5 43. Qd8+ Kh7 44. Kd2 Bf4 45. Bxf4 Qxf2+
0-1

[Event "24. Copenhagen Open  (Politiken Cup)"]
[Site "Copenhagen"]
[Date "2002.07.21"]
[Round "7"]
[White "Korsgaard, Peter"]
[Black "Auchenberg, Einar"]
[Result "1-0"]
[WhiteElo "1956"]
[BlackElo "1654"]
[PlyCount "59"]
[EventDate "2002.07.15"]
[EventType "swiss"]
[EventRounds "11"]
[EventCountry "DEN"]
[SourceDate "2004.01.01"]

1. Nf3 Nf6 2. b3 e6 3. Bb2 d5 4. e3 c5 5. c4 Nc6 6. cxd5 exd5 7. Bb5 a6 8.
Bxc6+ bxc6 9. h3 Bd6 10. O-O Bf5 11. d3 Qc8 12. Re1 Bxh3 13. gxh3 Qxh3 14. Be5
Qg4+ 15. Kf1 O-O-O 16. Bxd6 Rxd6 17. Ke2 d4 18. Rg1 Qe6 19. e4 Nd5 20. Kd2 Qh6+
21. Kc2 Nf4 22. Nbd2 Ng6 23. Rg5 Nh4 24. Rxc5 Nxf3 25. Qxf3 Rf6 26. Rf5 Rxf5
27. Qxf5+ Qe6 28. Qa5 Kb7 29. Nc4 Qc8 30. Nd6+ 1-0

[Event "24. Copenhagen Open  (Politiken Cup)"]
[Site "Copenhagen"]
[Date "2002.07.21"]
[Round "7"]
[White "Kristensen, Jonas Rune"]
[Black "Volokitin, Alexander"]
[Result "0-1"]
[WhiteElo "1847"]
[BlackElo "1600"]
[PlyCount "44"]
[EventDate "2002.07.15"]
[EventType "swiss"]
[EventRounds "11"]
[EventCountry "DEN"]
[SourceDate "2004.01.01"]

1. d4 e6 2. c4 b6 3. Nf3 Bb7 4. Bg5 Be7 5. Bxe7 Qxe7 6. Nc3 Nf6 7. e3 Ne4 8.
Nxe4 Bxe4 9. a3 a5 10. Rc1 O-O 11. Bd3 Bxd3 12. Qxd3 Na6 13. h4 h6 14. g4 f6
15. Ke2 e5 16. dxe5 Nc5 17. Qd5+ Kh8 18. exf6 Qxf6 19. Rc3 c6 20. g5 Qxc3 21.
Qd6 Qxb2+ 22. Nd2 Ne4 0-1

[Event "24. Copenhagen Open  (Politiken Cup)"]
[Site "Copenhagen"]
[Date "2002.07.21"]
[Round "7"]
[White "Lauritsen, Martin Lee"]
[Black "Moller, Arne"]
[Result "1-0"]
[WhiteElo "1517"]
[BlackElo "1808"]
[PlyCount "67"]
[EventDate "2002.07.15"]
[EventType "swiss"]
[EventRounds "11"]
[EventCountry "DEN"]
[SourceDate "2004.01.01"]

1. e4 c5 2. Nf3 d6 3. d4 cxd4 4. Nxd4 Nf6 5. Nc3 g6 6. Be3 Bg7 7. f3 Nc6 8. Bc4
O-O 9. Qd2 Bd7 10. O-O-O Rc8 11. Bb3 a6 12. g4 b5 13. h4 h5 14. gxh5 Nxh5 15.
Rdg1 Kh7 16. Nxc6 Rxc6 17. Qg2 Be8 18. Nd5 e6 19. Nb4 Rc5 20. c3 Qc8 21. Nd3
Rc6 22. Kb1 Rxc3 23. bxc3 Qxc3 24. Qd2 Qf6 25. f4 Bc6 26. e5 dxe5 27. fxe5 Qf3
28. Rh2 Rd8 29. Bc2 Qe4 30. Re2 Qc4 31. Qb4 Qd5 32. Rf2 a5 33. Qc5 Qe4 34. Nf4
1-0

[Event "24. Copenhagen Open  (Politiken Cup)"]
[Site "Copenhagen"]
[Date "2002.07.21"]
[Round "7"]
[White "Lynge, Torben"]
[Black "Binau, Daniel"]
[Result "0-1"]
[WhiteElo "1669"]
[BlackElo "1439"]
[PlyCount "58"]
[EventDate "2002.07.15"]
[EventType "swiss"]
[EventRounds "11"]
[EventCountry "DEN"]
[SourceDate "2004.01.01"]

1. e4 c5 2. Nf3 d6 3. Bc4 Nc6 4. Nc3 Nf6 5. d4 cxd4 6. Nxd4 g6 7. Be3 Bg7 8. f3
O-O 9. Qd2 Bd7 10. Rd1 Ne5 11. Be2 Qa5 12. Nb3 Qd8 13. O-O Rc8 14. f4 Neg4 15.
Bd4 e5 16. fxe5 Bh6 17. Qd3 dxe5 18. Bf2 Nxf2 19. Rxf2 Qb6 20. Kf1 Rfd8 21. Nd5
Nxd5 22. Qxd5 Bb5 23. Qxf7+ Kh8 24. Rxd8+ Rxd8 25. Qf6+ Kg8 26. g3 Rd1+ 27. Kg2
Qxf6 28. Rxf6 Bxe2 29. Kf2 Rf1+ 0-1

[Event "24. Copenhagen Open  (Politiken Cup)"]
[Site "Copenhagen"]
[Date "2002.07.21"]
[Round "7"]
[White "Madsen, Simon Rise"]
[Black "Jorgensen, Orla"]
[Result "0-1"]
[WhiteElo "1202"]
[BlackElo "1420"]
[PlyCount "40"]
[EventDate "2002.07.15"]
[EventType "swiss"]
[EventRounds "11"]
[EventCountry "DEN"]
[SourceDate "2004.01.01"]

1. e4 c5 2. Nf3 d6 3. Nc3 Nc6 4. Bc4 g6 5. O-O Bg7 6. d3 Nf6 7. Bg5 O-O 8. h3
a6 9. a4 h6 10. Bh4 Nh5 11. Bg3 Nxg3 12. fxg3 Nd4 13. Nh4 e6 14. Rb1 Qg5 15.
Nf3 Qxg3 16. Nxd4 Bxd4+ 17. Kh1 Be5 18. Kg1 Qh2+ 19. Kf2 Bd4+ 20. Ke1 Qg3+ 0-1

[Event "24. Copenhagen Open  (Politiken Cup)"]
[Site "Copenhagen"]
[Date "2002.07.21"]
[Round "7"]
[White "Mikkelsen, Nikolaj"]
[Black "Eriksson, Magnus"]
[Result "1-0"]
[WhiteElo "2120"]
[BlackElo "2010"]
[PlyCount "41"]
[EventDate "2002.07.15"]
[EventType "swiss"]
[EventRounds "11"]
[EventCountry "DEN"]
[SourceDate "2004.01.01"]

1. d4 Nf6 2. Nc3 d5 3. e4 e6 4. e5 Nfd7 5. Nf3 b6 6. a4 a5 7. Bg5 Be7 8. Bxe7
Qxe7 9. Nb5 Na6 10. Bd3 O-O 11. h4 c6 12. Bxh7+ Kh8 13. Ng5 g6 14. Nd6 Nc7 15.
Qf3 Kg7 16. Qg4 f5 17. Qf4 Ne8 18. h5 Nxd6 19. exd6 Qf6 20. hxg6 e5 21. Ne6+
1-0

[Event "24. Copenhagen Open  (Politiken Cup)"]
[Site "Copenhagen"]
[Date "2002.07.21"]
[Round "7"]
[White "Moller, Frederik Oest"]
[Black "Preuss, Flemming"]
[Result "0-1"]
[WhiteElo "1479"]
[BlackElo "2063"]
[PlyCount "78"]
[EventDate "2002.07.15"]
[EventType "swiss"]
[EventRounds "11"]
[EventCountry "DEN"]
[SourceDate "2004.01.01"]

1. e4 e5 2. Nf3 d6 3. Nc3 Nf6 4. h3 Be7 5. Bc4 c6 6. d4 Nbd7 7. dxe5 dxe5 8.
O-O O-O 9. Bg5 Qc7 10. Qd2 b5 11. Bb3 Nc5 12. Bxf6 Bxf6 13. Qe3 Be7 14. Rad1 a5
15. a3 Nxb3 16. cxb3 Be6 17. Ne2 Rfd8 18. Qc3 f6 19. Ng3 g6 20. Qe3 Kg7 21. Ne2
Rab8 22. Rc1 Rd6 23. Rfd1 Rbd8 24. Rxd6 Rxd6 25. Nd2 Qd7 26. Nf3 Rd3 27. Qb6
Rd1+ 28. Ne1 Bxb3 29. Kh2 a4 30. Nf3 Rxc1 31. Nxc1 Bc4 32. Qe3 Qd1 33. Qd2 Qxd2
34. Nxd2 Be6 35. Nd3 c5 36. Kg1 b4 37. Nb1 Bc4 38. Nc1 f5 39. exf5 Bg5 0-1

[Event "24. Copenhagen Open  (Politiken Cup)"]
[Site "Copenhagen"]
[Date "2002.07.21"]
[Round "7"]
[White "Molvig, Henrik"]
[Black "Bekker Jensen, David"]
[Result "0-1"]
[WhiteElo "2237"]
[BlackElo "2338"]
[PlyCount "62"]
[EventDate "2002.07.15"]
[EventType "swiss"]
[EventRounds "11"]
[EventCountry "DEN"]
[SourceDate "2004.01.01"]

1. e4 c5 2. Nf3 d6 3. d4 cxd4 4. Nxd4 Nf6 5. Nc3 a6 6. Bg5 e6 7. f4 Be7 8. Qf3
Qc7 9. O-O-O Nbd7 10. g4 O-O 11. Bxf6 Bxf6 12. g5 Bxd4 13. Rxd4 b5 14. Bg2 Rb8
15. Rhd1 Rb6 16. Qe2 Nc5 17. e5 d5 18. b4 Na4 19. Nxa4 bxa4 20. R1d3 Bd7 21.
Rh3 Rc8 22. Qd3 g6 23. c3 a5 24. a3 axb4 25. Rxb4 Rxb4 26. axb4 Qb6 27. Bf1
Qxb4 28. Rf3 d4 29. c4 Bc6 30. Rg3 Rb8 31. Kd1 a3 0-1

[Event "24. Copenhagen Open  (Politiken Cup)"]
[Site "Copenhagen"]
[Date "2002.07.21"]
[Round "7"]
[White "Mortensen, Henrik"]
[Black "Soraas, Torben"]
[Result "1/2-1/2"]
[WhiteElo "2053"]
[BlackElo "1776"]
[PlyCount "61"]
[EventDate "2002.07.15"]
[EventType "swiss"]
[EventRounds "11"]
[EventCountry "DEN"]
[SourceDate "2004.01.01"]

1. d4 Nf6 2. c4 c5 3. Nf3 g6 4. Nc3 cxd4 5. Nxd4 Nc6 6. e4 d6 7. Be2 Bg7 8. Be3
O-O 9. Qd2 Nxd4 10. Bxd4 Be6 11. O-O Nd7 12. Be3 a6 13. Rfc1 Rc8 14. Nd5 Nf6
15. f3 Bxd5 16. exd5 Nd7 17. Rab1 Rc7 18. b4 b6 19. a4 Qa8 20. Rc2 Rfc8 21. Ra2
a5 22. bxa5 Qxa5 23. Qxa5 bxa5 24. Bd2 Bd4+ 25. Kf1 Ra7 26. Rb5 Rca8 27. f4 Nc5
$11 28. Ra3 Kg7 29. Bf3 Kf6 30. Ke2 Kg7 31. g3 1/2-1/2

[Event "24. Copenhagen Open  (Politiken Cup)"]
[Site "Copenhagen"]
[Date "2002.07.21"]
[Round "7"]
[White "Nielsen, Max"]
[Black "Greger, Roland Reinhard"]
[Result "0-1"]
[WhiteElo "2246"]
[BlackElo "2365"]
[PlyCount "150"]
[EventDate "2002.07.15"]
[EventType "swiss"]
[EventRounds "11"]
[EventCountry "DEN"]
[SourceDate "2004.01.01"]

1. e4 e6 2. d4 d5 3. Nc3 Nf6 4. Bg5 Bb4 5. e5 h6 6. Bd2 Bxc3 7. bxc3 Ne4 8. Qg4
Kf8 9. h4 c5 10. Bd3 Nc6 11. Bxe4 dxe4 12. Qxe4 cxd4 13. Nf3 dxc3 14. Bxc3 Qd5
15. Qxd5 exd5 16. O-O-O Ke7 17. Nd4 Be6 18. Nxc6+ bxc6 19. Bb4+ Kd7 20. Rd3 a5
21. Bc5 Rhb8 22. Rg3 Rb5 23. Bd6 Rg8 24. Rb3 d4 25. Rxb5 cxb5 26. Bc5 Bxa2 27.
Bxd4 Ke6 28. Kb2 Bd5 29. Ra1 a4 30. g3 Rc8 31. c3 h5 32. Ka3 Be4 33. Kb4 Bd3
34. Rd1 Rc5 35. Ka3 Be4 36. Rd2 Kf5 37. Rb2 Bd3 38. Rb4 Rc8 39. Rb2 Ke4 40. Rd2
Bc4 41. Kb4 Rc6 42. Rd1 Ra6 43. Ka3 g6 44. Rd2 Ra8 45. Rd1 Bb3 46. Rd2 Rc8 47.
Kb2 Rc4 48. Re2+ Kd3 49. Re3+ Kd2 50. Re4 Rc6 51. Be3+ Ke2 52. Bd4+ Kd3 53.
Re3+ Kc4 54. Re4 Kd5 55. Rf4 Rc7 56. Ka3 Rd7 57. Kb4 Bc4 58. Ka3 Kc6 59. Rf6+
Be6 60. Rf4 Rd8 61. Kb4 Ra8 62. Ka3 Kd5 63. Rf3 Kc4 64. Rf4 Kd3 65. Rf3+ Kc4
66. Rf4 Bf5 67. Ka2 a3 68. f3 Be6 69. Re4 Bd5 70. Rf4 Kd3+ 71. Ka1 Rc8 72. Kb1
b4 73. Bf2 b3 74. Be1 Rxc3 75. Bxc3 Kxc3 0-1

[Event "24. Copenhagen Open  (Politiken Cup)"]
[Site "Copenhagen"]
[Date "2002.07.21"]
[Round "7"]
[White "Nilssen, John Arni"]
[Black "Felgaer, Ruben"]
[Result "0-1"]
[WhiteElo "2363"]
[BlackElo "2509"]
[PlyCount "56"]
[EventDate "2002.07.15"]
[EventType "swiss"]
[EventRounds "11"]
[EventCountry "DEN"]
[SourceDate "2004.01.01"]

1. d4 d5 2. c4 c6 3. Nc3 dxc4 4. e3 b5 5. a4 b4 6. Na2 e6 7. Bxc4 Nf6 8. Nf3
Bb7 9. Bd2 a5 10. O-O Be7 11. Nc1 Nbd7 12. Nb3 O-O 13. Qe2 c5 14. Rfd1 Qb6 15.
Ne5 Rfd8 16. Be1 cxd4 17. exd4 Nxe5 18. dxe5 Nd7 19. Bb5 Bd5 20. Nd2 Qc7 21.
Nc4 Rac8 22. Rac1 Bg5 23. Ne3 Qxc1 24. Rxc1 Rxc1 25. Nxd5 Nxe5 26. f4 Bh4 27.
Qh5 Rxe1+ 28. Bf1 Rxd5 0-1

[Event "24. Copenhagen Open  (Politiken Cup)"]
[Site "Copenhagen"]
[Date "2002.07.21"]
[Round "7"]
[White "Nilsson, Nils Specht"]
[Black "Cech, Pavel"]
[Result "0-1"]
[WhiteElo "2187"]
[BlackElo "2316"]
[PlyCount "61"]
[EventDate "2002.07.15"]
[EventType "swiss"]
[EventRounds "11"]
[EventCountry "DEN"]
[SourceDate "2004.01.01"]

1. e4 e6 2. d4 d5 3. Nc3 Bb4 4. e5 c5 5. Bd2 Ne7 6. a3 Bxc3 7. Bxc3 b6 8. Nf3
Ba6 9. Bxa6 Nxa6 10. Qe2 Nc7 11. b4 O-O 12. Bd2 Qd7 13. O-O Qa4 14. c3 Nb5 15.
Qd3 cxd4 16. cxd4 Rfc8 17. Rfc1 h6 18. g4 a6 19. g5 h5 20. g6 Nxg6 21. Ng5
Rxc1+ 22. Bxc1 Rc8 23. Bd2 Qc2 24. Qf3 Qf5 25. Qxh5 Nxd4 26. Be3 Nc2 27. Rf1
Nxe5 28. h4 f6 29. Bf4 fxg5 30. Bxe5 Qxe5 31. hxg5 0-1

[Event "24. Copenhagen Open  (Politiken Cup)"]
[Site "Copenhagen"]
[Date "2002.07.21"]
[Round "7"]
[White "Olsen, Miriam Frida"]
[Black "Nielsen, Michael"]
[Result "0-1"]
[WhiteElo "1894"]
[BlackElo "2086"]
[PlyCount "54"]
[EventDate "2002.07.15"]
[EventType "swiss"]
[EventRounds "11"]
[EventCountry "DEN"]
[SourceDate "2004.01.01"]

1. e4 c5 2. Nc3 d6 3. g3 Nc6 4. Bg2 g6 5. d3 Bg7 6. Nge2 e6 7. O-O Nge7 8. Bg5
O-O 9. Qd2 a6 10. Bh6 Nd4 11. Bxg7 Kxg7 12. f4 Nec6 13. Nxd4 cxd4 14. Ne2 f5
15. c3 Qb6 16. cxd4 Nxd4 17. Qc3 e5 18. Nxd4 exd4 19. Qd2 Be6 20. Rfc1 Rac8 21.
b4 Rc3 22. b5 axb5 23. Rcb1 Rfc8 24. Rb2 R8c5 25. Rab1 Bd7 26. Rb3 Bc6 27. exf5
Rc2 0-1

[Event "24. Copenhagen Open  (Politiken Cup)"]
[Site "Copenhagen"]
[Date "2002.07.21"]
[Round "7"]
[White "Olsson, Tomas"]
[Black "Leimand, Peter Martin"]
[Result "0-1"]
[WhiteElo "2109"]
[BlackElo "2003"]
[PlyCount "56"]
[EventDate "2002.07.15"]
[EventType "swiss"]
[EventRounds "11"]
[EventCountry "DEN"]
[SourceDate "2004.01.01"]

1. e4 c5 2. d4 cxd4 3. Nf3 d6 4. Nxd4 Nf6 5. Nc3 a6 6. f4 e5 7. Nf3 exf4 8.
Bxf4 Qb6 9. Qd2 Qxb2 10. Rb1 Qa3 11. Be3 Nbd7 12. Bd3 Be7 13. O-O b5 14. Nd4
Ng4 15. Nb3 Nxe3 16. Qxe3 O-O 17. e5 Nc5 18. Nd5 Bd8 19. exd6 Nxb3 20. Ne7+
Bxe7 21. dxe7 Re8 22. Qf3 Be6 23. cxb3 Qxa2 24. Bf5 Bxf5 25. Qxf5 Rxe7 26. Rbe1
Qa3 27. Re4 Rxe4 28. Qxf7+ Kh8 0-1

[Event "24. Copenhagen Open  (Politiken Cup)"]
[Site "Copenhagen"]
[Date "2002.07.21"]
[Round "7"]
[White "Opstrup, Niels"]
[Black "Hansen, Erik Friberg"]
[Result "1-0"]
[WhiteElo "1196"]
[BlackElo "1165"]
[PlyCount "73"]
[EventDate "2002.07.15"]
[EventType "swiss"]
[EventRounds "11"]
[EventCountry "DEN"]
[SourceDate "2004.01.01"]

1. d4 d5 2. c4 e6 3. Nc3 Bd6 4. cxd5 Nf6 5. dxe6 Bxe6 6. Nf3 O-O 7. Bg5 Be7 8.
e3 Nbd7 9. Qc2 c6 10. Bd3 h6 11. Bh4 Rc8 12. O-O Ng4 13. Bg3 Ngf6 14. Rfd1 Nd5
15. a3 N5f6 16. Rac1 Qb6 17. Qe2 Nd5 18. e4 Nxc3 19. Rxc3 Bg4 20. Bb1 Nf6 21.
Qc2 g6 22. Rd2 Bh5 23. Ne5 Rcd8 24. Nc4 Qa6 25. f3 b5 26. Ne3 Rc8 27. b4 Rfd8
28. Be5 g5 29. Nf5 Re8 30. Nxe7+ Rxe7 31. Bxf6 Re6 32. e5 Bg6 33. Qb3 Bxb1 34.
Qxb1 Qb7 35. Qf5 Rce8 36. f4 gxf4 37. Qg4+ 1-0

[Event "24. Copenhagen Open  (Politiken Cup)"]
[Site "Copenhagen"]
[Date "2002.07.21"]
[Round "7"]
[White "Petkovic, Peter"]
[Black "Auchenberg, Per"]
[Result "1/2-1/2"]
[WhiteElo "2151"]
[BlackElo "2022"]
[PlyCount "20"]
[EventDate "2002.07.15"]
[EventType "swiss"]
[EventRounds "11"]
[EventCountry "DEN"]
[SourceDate "2004.01.01"]

1. e4 c5 2. Nf3 e6 3. d4 cxd4 4. Nxd4 a6 5. c4 Nf6 6. Nc3 Qc7 7. Be3 Bb4 8. f3
O-O 9. Be2 d5 10. O-O e5 1/2-1/2